00898cam a22002413a 45000010005000000030006000050050017000110080041000280400015000690420007000840500007000910500007000981000035001052450129001402600029002695050191002985060030004895160020005196530025005396530023005648300028005878560041006157425PGUSA20140828083144.0050201s2005||||xxu|||||s|||||000 | eng d aPGUSAbeng adc 4aPS 4aPZ1 aAlcott, Louisa May,d1832-188814aThe Louisa Alcott Reader :ba Supplementary Reader for the Fourth Year of Schoolh[electronic resource] /cLouisa May Alcott bProject Gutenberg,c20050 aA Christmas dream -- The candy country -- Naughty Jocko -- The skipping shoes -- Cockyloo -- Rosy's journey -- How they ran away -- The fairy box -- A hole in the wall -- The piggy girl. aPublic domain in the USA. aElectronic text aReaders (Elementary) aChildren's stories 0aProject Gutenbergv742540uhttp://www.gutenberg.org/ebooks/7425